<?xml version='1.0' encoding='UTF-8'?>
  <record xmlns="http://www.loc.gov/MARC21/slim">
    <leader>00000cam a22000007i 4500</leader>
    <controlfield tag="001">ocn225520184</controlfield>
    <controlfield tag="003">OCoLC</controlfield>
    <controlfield tag="005">20251027105415.8</controlfield>
    <controlfield tag="008">020827s1489    gw a          001 0 lat d</controlfield>
    <datafield tag="040" ind1=" " ind2=" ">
      <subfield code="a">UTO</subfield>
      <subfield code="b">eng</subfield>
      <subfield code="e">rda</subfield>
      <subfield code="e">dcrmr</subfield>
      <subfield code="c">UTO</subfield>
      <subfield code="d">OCLCG</subfield>
      <subfield code="d">OCLCQ</subfield>
      <subfield code="d">OCLCF</subfield>
      <subfield code="d">OCLCO</subfield>
      <subfield code="d">OCLCQ</subfield>
      <subfield code="d">OCLCA</subfield>
      <subfield code="d">OCLCO</subfield>
      <subfield code="d">OCLCL</subfield>
      <subfield code="d">OCLCQ</subfield>
      <subfield code="d">QGJ</subfield>
      <subfield code="d">OCLCO</subfield>
      <subfield code="d">QGJ</subfield>
    </datafield>
    <datafield tag="029" ind1="1" ind2=" ">
      <subfield code="a">AU@</subfield>
      <subfield code="b">000066683834</subfield>
    </datafield>
    <datafield tag="035" ind1=" " ind2=" ">
      <subfield code="a">(OCoLC)225520184</subfield>
    </datafield>
    <datafield tag="100" ind1="1" ind2=" ">
      <subfield code="a">Gerson, Jean,</subfield>
      <subfield code="d">1363-1429,</subfield>
      <subfield code="e">author.</subfield>
      <subfield code="4">aut</subfield>
      <subfield code="1">https://id.oclc.org/worldcat/entity/E39PBJqKbbY7xWv64DVpXYjBfq</subfield>
    </datafield>
    <datafield tag="240" ind1="1" ind2="0">
      <subfield code="a">Works.</subfield>
      <subfield code="f">1489</subfield>
    </datafield>
    <datafield tag="245" ind1="1" ind2="0">
      <subfield code="a">Op[er]a et tractatus mag[ist]ri Iohan[n]is de Gerson</subfield>
    </datafield>
    <datafield tag="246" ind1="3" ind2=" ">
      <subfield code="a">Opera Iohan[n]is de Gerson</subfield>
    </datafield>
    <datafield tag="246" ind1="1" ind2=" ">
      <subfield code="i">Title according to ISTC, GW:</subfield>
      <subfield code="a">Opera</subfield>
    </datafield>
    <datafield tag="264" ind1=" " ind2="1">
      <subfield code="a">[Nuremberg] :</subfield>
      <subfield code="b">[Georg Stuchs],</subfield>
      <subfield code="c">1489</subfield>
    </datafield>
    <datafield tag="300" ind1=" " ind2=" ">
      <subfield code="a">3 volumes (240, 290, 400, 52 leaves) :</subfield>
      <subfield code="b">illustrations (woodcuts) ;</subfield>
      <subfield code="c">24 cm (4to)</subfield>
    </datafield>
    <datafield tag="336" ind1=" " ind2=" ">
      <subfield code="a">text</subfield>
      <subfield code="b">txt</subfield>
      <subfield code="2">rdacontent</subfield>
    </datafield>
    <datafield tag="337" ind1=" " ind2=" ">
      <subfield code="a">unmediated</subfield>
      <subfield code="b">n</subfield>
      <subfield code="2">rdamedia</subfield>
    </datafield>
    <datafield tag="338" ind1=" " ind2=" ">
      <subfield code="a">volume</subfield>
      <subfield code="b">nc</subfield>
      <subfield code="2">rdacarrier</subfield>
    </datafield>
    <datafield tag="340" ind1=" " ind2=" ">
      <subfield code="m">4to</subfield>
      <subfield code="2">rdabf</subfield>
    </datafield>
    <datafield tag="340" ind1=" " ind2=" ">
      <subfield code="k">2 columns, 50 lines</subfield>
    </datafield>
    <datafield tag="500" ind1=" " ind2=" ">
      <subfield code="a">Title from the first line of text of volume 1 (leaf a5 recto), which reads: "Incipiunt op[er]a et tractatus mag[ist]ri Iohan[n]is de Gerson".</subfield>
    </datafield>
    <datafield tag="500" ind1=" " ind2=" ">
      <subfield code="a">Title volume 1: Prima pars operu[m] Johannis Gerson</subfield>
    </datafield>
    <datafield tag="500" ind1=" " ind2=" ">
      <subfield code="a">Title volume 2 (leaf A1 recto): Secunda pars operum Johannis de Gerson.</subfield>
    </datafield>
    <datafield tag="500" ind1=" " ind2=" ">
      <subfield code="a">Title volume 3 (leaf aa2 recto): Titulie tercie partis que contemplatiue vite p[er]cepta tradentes tractatus continet.</subfield>
    </datafield>
    <datafield tag="500" ind1=" " ind2=" ">
      <subfield code="a">Published by Peter Schott and Johann Geiler von Kaysersberg.</subfield>
    </datafield>
    <datafield tag="500" ind1=" " ind2=" ">
      <subfield code="a">Dating: volume 1: X Kalendas Decembris (22 November 1489) ; volume 2: Quinto Nonas Augusti (1 August 1489) ; volume 3: XII Kalendas Novembris (21 October 1489) ; Inventarium undated.</subfield>
    </datafield>
    <datafield tag="500" ind1=" " ind2=" ">
      <subfield code="a">First line of preliminary pages volume 1 (leaf a2 recto): Iohan[n]es cancellarius parisie[nsis]. Germano suo charissimo Iohanni ordinis celestino[rum].</subfield>
    </datafield>
    <datafield tag="500" ind1=" " ind2=" ">
      <subfield code="a">First line of text volume 1 (leaf a5 recto): Incipiunt op[er]a et tractatus mag[ist]ri Iohan[n]is de Gerson sacra[rum] littera[rum] doctoris resolutissimi et xr[ist]ianissimi ac ca[n]cellarij parisie[nsis]. Qui in tres p[ar]tes distincti sunt.</subfield>
    </datafield>
    <datafield tag="500" ind1=" " ind2=" ">
      <subfield code="a">Colophon volume 1 (leaf [rum4] recto): Prima pars operu[m] magistri Johannis de gerson sacrar[um] litterarum doctoris resolutissimi xr[ist]ianissimiq[ue] complectens tractatus fidem ac p[otes]tatem ecclesiasticam concernentes finit feliciter. Anno dominice natiuitatis .1489. mens[is] vero Decembris. x. k[a]l[enda]s.</subfield>
    </datafield>
    <datafield tag="500" ind1=" " ind2=" ">
      <subfield code="a">First line of preliminary pages volume 2 (leaf A2 recto): Tituli libro[rum] secu[n]de partis doctoris christianissimi Johannis de Gerson. cancellarius parisiensis. in qu locata sunt p[ro]cipue opuscula ad mores accom[m]odata.</subfield>
    </datafield>
    <datafield tag="500" ind1=" " ind2=" ">
      <subfield code="a">First line of text volume 2 (leaf A3 recto): Incipiu[n]t regule morales eiusdem Prologus.</subfield>
    </datafield>
    <datafield tag="500" ind1=" " ind2=" ">
      <subfield code="a">Colophon volume 2 (leaf nN9 verso): Secunda p[ar]s operu[m] d[omi]ni Joh[ann]is Gerson Cancellarij parisien[sis]. doctoris christianissimi r[e]solutissimiq[ue] co[n]tinens opuscula ad mores accommodata Explicit feliciter. Anno salutis .M.cccc.lxxxix. Quinto nonas Augusti.</subfield>
    </datafield>
    <datafield tag="500" ind1=" " ind2=" ">
      <subfield code="a">First line of preliminary pages volume 3 (leaf aa2 recto): Tituli tercie partis que contemplatiue vite p[er]cepta tradentes tractatus continet.</subfield>
    </datafield>
    <datafield tag="500" ind1=" " ind2=" ">
      <subfield code="a">First line of text volume 3 (leaf aa3 verso): Liber de c[on]solatione theologie Incipit feliciter.</subfield>
    </datafield>
    <datafield tag="500" ind1=" " ind2=" ">
      <subfield code="a">Colophon volume 3 (leaf DD7 recto): Finiu[n]t op[er]a cancellarij Parisiensis doctoris chr[ist]ianissimi magistri Johannis de Gerson. que vt fruge[m] lectori vberrima[m] fera[n]t eme[n]datissima lima castigata fuere. Anno d[omi]ni. Mcccclxxxix. xij. Kal[endas] mensis Nouembris.</subfield>
    </datafield>
    <datafield tag="500" ind1=" " ind2=" ">
      <subfield code="a">With inventarium (52 leaves, signed A-F): Inuentariu[m] eorum que in operibus Gersonis continentur.</subfield>
    </datafield>
    <datafield tag="500" ind1=" " ind2=" ">
      <subfield code="a">First line of text inventarium (leaf A2 recto): Inuentarium promptum eoru[m] que in operibus [et] libris Ioha[n]nis Gerson Christiani doctoris v[e]l tracta[n]tur vel tanguntur.</subfield>
    </datafield>
    <datafield tag="500" ind1=" " ind2=" ">
      <subfield code="a">Contains also many works by other authors. For contents of volumes see Bayerische Staatsbibliothek Inkunabelkatalog.</subfield>
    </datafield>
    <datafield tag="500" ind1=" " ind2=" ">
      <subfield code="a">Woodcut illustration of Gerson as a Pilgrim on verso of first leaf in each part.</subfield>
    </datafield>
    <datafield tag="500" ind1=" " ind2=" ">
      <subfield code="a">The woodcut is ascribed to Dürer in W. Kurth, The complete woodcuts of Albrecht Dürer / edited by Willi Kurth, with an introduction by Campbell Dodgson, London, 1927, page 9, and M. Hind, An introduction to a history of woodcut : with a detailed survey of work done in the fifteenth century, New York, 1963, pp. 338, 380, fig. 177.</subfield>
    </datafield>
    <datafield tag="500" ind1=" " ind2=" ">
      <subfield code="a">Text printed in two columns, 50 lines, with running titles and printed chapter numbers.</subfield>
    </datafield>
    <datafield tag="500" ind1=" " ind2=" ">
      <subfield code="a">Capital spaces with guide letters.</subfield>
    </datafield>
    <datafield tag="500" ind1=" " ind2=" ">
      <subfield code="a">Signatures volume 1: a-s(tall)⁸ s-u⁸ v⁸ w⁸ x-z⁸ [et]⁸ [con]⁸ [ter]⁸ [rum]⁸</subfield>
    </datafield>
    <datafield tag="500" ind1=" " ind2=" ">
      <subfield code="a">Signatures volume 2: A-Z⁸ aA-mM⁸ nN¹⁰; nN10 is blank.</subfield>
    </datafield>
    <datafield tag="500" ind1=" " ind2=" ">
      <subfield code="a">Signatures volume 3: aa-zz⁸ Az-Zz⁸ AA-DD⁸ ; DD8 is blank.</subfield>
    </datafield>
    <datafield tag="500" ind1=" " ind2=" ">
      <subfield code="a">Signatures Inventorium: A-E⁸ F¹².</subfield>
    </datafield>
    <datafield tag="510" ind1="4" ind2=" ">
      <subfield code="a">Incunabula short title catalogue,</subfield>
      <subfield code="c">ig00188000</subfield>
      <subfield code="u">https://data.cerl.org/istc/ig00188000</subfield>
    </datafield>
    <datafield tag="510" ind1="4" ind2=" ">
      <subfield code="a">Gesamtkatalog der Wiegendrucke,</subfield>
      <subfield code="c">GW10716</subfield>
      <subfield code="u">https://www.gesamtkatalogderwiegendrucke.de/docs/GW10716.htm</subfield>
    </datafield>
    <datafield tag="510" ind1="4" ind2=" ">
      <subfield code="a">Bayerische Staatsbibliothek Inkunabelkatalog,</subfield>
      <subfield code="c">G-185</subfield>
      <subfield code="u">https://inkunabeln.digitale-sammlungen.de/Ausgabe_G-185.html</subfield>
    </datafield>
    <datafield tag="510" ind1="4" ind2=" ">
      <subfield code="a">Incunabula in Dutch libraries,</subfield>
      <subfield code="c">1989</subfield>
    </datafield>
    <datafield tag="510" ind1="4" ind2=" ">
      <subfield code="a">Copinger, W.A. Supplement to Hain’s Repertorium bibliographicum</subfield>
      <subfield code="c">*7623</subfield>
    </datafield>
    <datafield tag="510" ind1="4" ind2=" ">
      <subfield code="a">National union catalog, pre-1956 imprints</subfield>
      <subfield code="c">NG 0170801</subfield>
    </datafield>
    <datafield tag="510" ind1="4" ind2=" ">
      <subfield code="a">Typenrepertorium der Wiegendrucke,</subfield>
      <subfield code="c">ma05008</subfield>
      <subfield code="u">https://tw.staatsbibliothek-berlin.de/ma05008</subfield>
    </datafield>
    <datafield tag="510" ind1="4" ind2=" ">
      <subfield code="a">Typenrepertorium der Wiegendrucke,</subfield>
      <subfield code="c">ma05009</subfield>
      <subfield code="u">https://tw.staatsbibliothek-berlin.de/ma05009</subfield>
    </datafield>
    <datafield tag="510" ind1="4" ind2=" ">
      <subfield code="a">Typenrepertorium der Wiegendrucke,</subfield>
      <subfield code="c">ma06694</subfield>
      <subfield code="u">https://tw.staatsbibliothek-berlin.de/ma06694</subfield>
    </datafield>
    <datafield tag="546" ind1=" " ind2=" ">
      <subfield code="b">Typeface voume 1 and Inventorium: 3:68G, 4:132G.</subfield>
    </datafield>
    <datafield tag="546" ind1=" " ind2=" ">
      <subfield code="b">Typeface volume 2 and 3: 3:68G, 4:132G, 9:68G.</subfield>
    </datafield>
    <datafield tag="610" ind1="2" ind2="0">
      <subfield code="a">Catholic Church.</subfield>
    </datafield>
    <datafield tag="650" ind1=" " ind2="0">
      <subfield code="a">Theology</subfield>
      <subfield code="v">Early works to 1800.</subfield>
    </datafield>
    <datafield tag="650" ind1=" " ind2="6">
      <subfield code="a">Théologie</subfield>
      <subfield code="v">Ouvrages avant 1800.</subfield>
    </datafield>
    <datafield tag="650" ind1=" " ind2="7">
      <subfield code="a">Theology</subfield>
      <subfield code="2">fast</subfield>
    </datafield>
    <datafield tag="655" ind1=" " ind2="7">
      <subfield code="a">illustrations (layout features)</subfield>
      <subfield code="2">aat</subfield>
    </datafield>
    <datafield tag="655" ind1=" " ind2="7">
      <subfield code="a">incunabula (books)</subfield>
      <subfield code="2">aat</subfield>
    </datafield>
    <datafield tag="655" ind1=" " ind2="7">
      <subfield code="a">Early works</subfield>
      <subfield code="2">fast</subfield>
    </datafield>
    <datafield tag="655" ind1=" " ind2="7">
      <subfield code="a">Pictures.</subfield>
      <subfield code="2">lcgft</subfield>
    </datafield>
    <datafield tag="655" ind1=" " ind2="7">
      <subfield code="a">Incunabula.</subfield>
      <subfield code="2">rbgenr</subfield>
    </datafield>
    <datafield tag="655" ind1=" " ind2="7">
      <subfield code="a">Images.</subfield>
      <subfield code="2">rvmgf</subfield>
    </datafield>
    <datafield tag="655" ind1=" " ind2="7">
      <subfield code="a">Incunables.</subfield>
      <subfield code="2">rvmgf</subfield>
    </datafield>
    <datafield tag="700" ind1="1" ind2=" ">
      <subfield code="a">Schott, Peter,</subfield>
      <subfield code="d">1458-1490,</subfield>
      <subfield code="e">publisher.</subfield>
      <subfield code="4">pbl</subfield>
      <subfield code="1">https://id.oclc.org/worldcat/entity/E39PBJyMdPyqtqVdj7k7VxqPcP</subfield>
    </datafield>
    <datafield tag="700" ind1="1" ind2=" ">
      <subfield code="a">Geiler von Kaysersberg, Johann,</subfield>
      <subfield code="d">1445-1510,</subfield>
      <subfield code="e">publisher.</subfield>
      <subfield code="4">pbl</subfield>
      <subfield code="1">https://id.oclc.org/worldcat/entity/E39PBJmXG4pwq8KKwXhHR4p3wC</subfield>
    </datafield>
    <datafield tag="700" ind1="1" ind2=" ">
      <subfield code="a">Dürer, Albrecht,</subfield>
      <subfield code="d">1471-1528,</subfield>
      <subfield code="e">engraver,</subfield>
      <subfield code="e">egr</subfield>
      <subfield code="1">https://id.oclc.org/worldcat/entity/E39PBJt8g9tpHbdFmDrhxcQyVC</subfield>
    </datafield>
    <datafield tag="700" ind1="1" ind2=" ">
      <subfield code="a">Stuchs, Georg,</subfield>
      <subfield code="d">-1520,</subfield>
      <subfield code="e">printer.</subfield>
      <subfield code="4">prt</subfield>
      <subfield code="1">https://id.oclc.org/worldcat/entity/E39PBJpdPDP4Pgch9prgqXmGHC</subfield>
    </datafield>
    <datafield tag="752" ind1=" " ind2=" ">
      <subfield code="a">Germany</subfield>
      <subfield code="d">Nuremberg,</subfield>
      <subfield code="e">publication place.</subfield>
      <subfield code="4">pup</subfield>
    </datafield>
  </record>